| 000 | 00638nam a22002297a 4500 | ||
|---|---|---|---|
| 001 | 000380 | ||
| 003 | DO-SdBNP | ||
| 005 | 20180122130422.0 | ||
| 007 | 000380 | ||
| 008 | 160708b 2002 xxu ||||| |||| 00| 0 spa d | ||
| 040 |
_aBPMSU _bspa _cBPMSU |
||
| 100 | 1 | _aAbril, Juan | |
| 245 | 0 | 0 |
_aCuando el verbo se hizo carne / _cprologo ; María Dewitt. |
| 260 |
_a[ Estados Unidos de América] : _b[s. n.], _c2002. |
||
| 300 |
_a191 p. ; _c23 cm. |
||
| 490 | 1 | _aRelatos | |
| 700 | 1 | 2 |
_aDewitt, María, _epról. |
| 830 | 0 | _pRelatos | |
| 942 |
_2ddc _cBK |
||
| 945 | _aInventariado, 2018/MFF | ||
| 956 |
_2LOPEREZ _310 _620160708 _8BPMSU _a00041 |
||
| 999 |
_c10797 _d10797 |
||